Music bands that are trios - Sudden Death - Statistics

General Stats
  • This quiz has been taken 68 times
    22 since last reset
  • The average score is 6 of 17
Answers on the Grid
Answers color-coded by a green-red scale on the quiz's grid according to % correct below.
The Cars
The Police
Eagles
Blink-182
ZZ Top
Husker Du
Rush
Alice in Chains
Motorhead
Cream
Stray Cats
Wham!
Duran Duran
Nirvana
Bee Gees
The Doors
Arcade Fire
Green Day
Sex Pistols
Coldplay
Melvins
The Cure
Love and Rockets
Triumph
Earth Wind & Fire
Destiny's Child
Black Eyed Peas
Aha
The Smiths
The Supremes
 
Answer Stats
Answer % Correct
The Police
67%
Destiny's Child
62%
Blink-182
57%
Green Day
57%
Nirvana
52%
ZZ Top
52%
Bee Gees
48%
Cream
43%
Rush
43%
The Supremes
33%
Aha
24%
Melvins
19%
Motorhead
19%
Love and Rockets
14%
Stray Cats
14%
Triumph
10%
Husker Du
5%
No matching quizzes found
Score Distribution
Percent of People with Each Score
Percentile by Number Answered
Your Score History
You have not taken this quiz since the last reset